Central Library OPAC University of Rajshahi

Bankers' securities against advances. (Record no. 7502)

MARC details
000 -LEADER
fixed length control field 00642nam a22002297a 4500
001 - CONTROL NUMBER
control field 7502
003 - CONTROL NUMBER IDENTIFIER
rucl marc code BD-RjUL
005 - DATE AND TIME OF LATEST TRANSACTION
control field 20211208234427.0
008 - FIXED-LENGTH DATA ELEMENTS--GENERAL INFORMATION
fixed length control field 140115b1952 ii ||||| |||| 00| 0 eng d
035 ## - SYSTEM CONTROL NUMBER
System control number (BD-RjUL)7546
040 ## - CATALOGING SOURCE
Original cataloging agency BD-RjUL
Language of cataloging eng
Transcribing agency BD-RjUL
Modifying agency BD-RjUL
041 ## - LANGUAGE CODE
Language code of text/sound track or separate title eng
082 ## - DEWEY DECIMAL CLASSIFICATION NUMBER
Classification number 332.1
Author mark and year SUB 1952
100 1# - MAIN ENTRY--PERSONAL NAME
Personal name Suneja, L R
9 (RLIN) 19974
245 10 - TITLE STATEMENT
Title Bankers' securities against advances.
260 ## - PUBLICATION, DISTRIBUTION, ETC. (IMPRINT)
Place of publication, distribution, etc. New Delhi:
Name of publisher, distributor, etc. Suneja Publishers.
Date of publication, distribution, etc. 1952
300 1# - PHYSICAL DESCRIPTION
Pagination ii, 525 vi p.
Size 25 cm.
504 ## - BIBLIOGRAPHY, ETC. NOTE
Bibliography, etc includes index
650 #0 - SUBJECT ADDED ENTRY--TOPICAL TERM
Topical term or geographic name as entry element Banks and banking, 1918-
9 (RLIN) 23429
Topical term or geographic name as entry element Banks and banking -- India.
9 (RLIN) 23430
942 ## - ADDED ENTRY ELEMENTS (KOHA)
Source of classification or shelving scheme Dewey Decimal Classification
Koha item type Books
Holdings
Lost status Source of classification or shelving scheme Damaged status Not for loan Collection code Permanent Location Current Location Shelving location Date acquired Source of acquisition Cost, normal purchase price Total Checkouts Full call number Date last seen Copy number Koha item type
  Dewey Decimal Classification   Not For Loan Non-fiction Central Library, University of Rajshahi Central Library, University of Rajshahi   30/05/1957 ferozsons 13.12   332.1 SUB 1952 15/01/2014 C-1 Books
  Dewey Decimal Classification     Non-fiction Central Library, University of Rajshahi Central Library, University of Rajshahi   18/05/1957 V.Pub. 18.08   332.1 SUB 1952 28/07/2016 C-2 Books
  Dewey Decimal Classification     Non-fiction Central Library, University of Rajshahi Central Library, University of Rajshahi   08/12/1955       B 332.1 SUB 1952 24/10/2021 C-3 Books